[Event "HUN-chT2 Szechenyi 2324"]
[Site "Hungary"]
[Date "2024.04.21"]
[Round "8.2"]
[White "Odor, Istvan"]
[Black "Pasti, Zsombor"]
[Result "0-1"]
[WhiteElo "2095"]
[BlackElo "2076"]
[PlyCount "110"]
[EventDate "2023.10.08"]
[EventType "team-tourn"]
[EventRounds "9"]
[EventCountry "HUN"]
[SourceTitle "EXT 2025"]
[Source "ChessBase"]
[SourceDate "2024.10.14"]
[SourceVersion "1"]
[SourceVersionDate "2024.10.14"]
[SourceQuality "1"]
[WhiteTeam "Sarvar"]
[BlackTeam "Ajka ASSE"]
[WhiteTeamCountry "HUN"]
[BlackTeamCountry "HUN"]

1. e4 e5 2. Nf3 Nc6 3. Bc4 Bc5 4. c3 Nf6 5. d3 0-0 6. 0-0 d5 7. exd5 Nxd5 8. b4 Bb6 9. Bxd5 Qxd5 10. c4 Qe6 11. c5 Nxb4 12. cxb6 axb6 13. Ba3 Qe7 14. Re1 Qd6 15. Nxe5 Qd4 16. Bxb4 Qxb4 17. Qd2 Qd4 18. Qc3 Qd6 19. Nd2 Be6 20. Ndc4 Qd8 21. a4 Qf6 22. Nd2 Qd8 23. Rec1 Qf6 24. Ne4 Qf4 25. g3 Qf5 26. f4 Qh5 27. Qe1 f6 28. Nc4 Rfe8 29. Qf2 b5 30. Ne3 bxa4 31. Nc5 Bh3 32. Ne4 Qb5 33. Nc4 Qd5 34. Ra3 Rad8 35. Qc5 Qxc5+ 36. Nxc5 b5 37. Nd2 Re2 38. Nde4 Rg2+ 39. Kh1 h6 40. Ne6 b4 41. Nxd8 bxa3 42. Ra1 Rb2 43. Kg1 Rg2+ 44. Kh1 Rc2 45. Kg1 a2 46. Nc6 Rxc6 47. Rxa2 Bd7 48. Kf2 f5 49. Nd2 Rc3 50. d4 Rd3 51. Nf3 a3 52. Ne5 Be6 53. Ra1 Rb3 54. d5 Bxd5 55. Rd1 a2 0-1

[Event "HUN-chT2 Szechenyi 2223"]
[Site "Hungary"]
[Date "2022.11.20"]
[Round "1.2"]
[White "Odor, Istvan"]
[Black "Sarok, Peter"]
[Result "0-1"]
[WhiteElo "2124"]
[BlackElo "2114"]
[PlyCount "84"]
[EventDate "2022.11.20"]
[EventType "team-tourn"]
[EventRounds "9"]
[EventCountry "HUN"]
[SourceTitle "EXT 2025"]
[Source "ChessBase"]
[SourceDate "2024.10.14"]
[SourceVersion "1"]
[SourceVersionDate "2024.10.14"]
[SourceQuality "1"]
[WhiteTeam "Sarvar"]
[BlackTeam "Kisber Aszar"]
[WhiteTeamCountry "HUN"]
[BlackTeamCountry "HUN"]

1. e4 e6 2. d4 d5 3. exd5 exd5 4. Nf3 Bd6 5. Bd3 Nf6 6. 0-0 0-0 7. Bg5 h6 8. Bh4 Be6 9. Re1 c5 10. c3 Nc6 11. Nbd2 cxd4 12. cxd4 g5 13. Bg3 Bxg3 14. hxg3 g4 15. Rxe6 fxe6 16. Ne5 h5 17. Ng6 Rf7 18. Qe1 Qb6 19. Qxe6 Qxd4 20. Nf4 Qe5 21. Bf5 Kg7 22. Qxe5 Nxe5 23. Re1 Nc6 24. Rd1 Re7 25. Nb3 Re5 26. Bd3 Rae8 27. Kf1 Kh6 28. Nc5 b6 29. Nb3 Nb4 30. Bg6 Rg8 31. Bf7 Rg7 32. a3 Rxf7 33. axb4 Rc7 34. Nd4 Rc4 35. b5 Ra4 36. b3 Ra2 37. Nc6 Re8 38. Nb4 Ra5 39. Nbxd5 Nxd5 40. Nxd5 Rd8 41. Nc3 Rxd1+ 42. Nxd1 Rxb5 0-1

[Event "HUN-chT2 Szechenyi 2122"]
[Site "Hungary"]
[Date "2021.12.19"]
[Round "4.4"]
[White "Tamas, Gyorgy"]
[Black "Odor, Istvan"]
[Result "0-1"]
[WhiteElo "1921"]
[BlackElo "2135"]
[PlyCount "70"]
[EventDate "2021.10.10"]
[EventType "team-tourn"]
[EventRounds "9"]
[EventCountry "HUN"]
[SourceTitle "EXT 2025"]
[Source "ChessBase"]
[SourceDate "2024.10.14"]
[SourceVersion "1"]
[SourceVersionDate "2024.10.14"]
[SourceQuality "1"]
[WhiteTeam "Spartacus Sportkor"]
[BlackTeam "Sarvar"]
[WhiteTeamCountry "HUN"]
[BlackTeamCountry "HUN"]

1. d4 d5 2. Nf3 e6 3. e3 Nf6 4. c4 Be7 5. Nc3 0-0 6. Bd3 a6 7. 0-0 Nbd7 8. b3 Re8 9. Bb2 b6 10. Rc1 Bb7 11. Qe2 Ne4 12. Nd2 Ndf6 13. f3 Nxc3 14. Bxc3 c5 15. Kh1 Bd6 16. Rfd1 Nh5 17. Nf1 cxd4 18. Bxd4 e5 19. Bb2 d4 20. Qc2 e4 21. Bxe4 Rxe4 22. fxe4 Qh4 23. Rxd4 Ng3+ 24. Nxg3 Bxg3 25. Kg1 Qxh2+ 26. Kf1 Be5 27. Qf2 Bxd4 28. exd4 Bxe4 29. Rc3 Qh1+ 30. Qg1 Qh5 31. g4 Qg6 32. Re3 Bb7 33. Re2 Bf3 34. Rd2 Re8 35. d5 Bxg4 0-1

[Event "HUN-chT2 Szechenyi 1819"]
[Site "Hungary"]
[Date "2019.01.27"]
[Round "4.3"]
[White "Farkas, Zsolt"]
[Black "Odor, Istvan"]
[Result "1-0"]
[WhiteElo "2148"]
[BlackElo "2147"]
[PlyCount "55"]
[EventDate "2018.10.28"]
[EventType "team-tourn"]
[EventRounds "9"]
[EventCountry "HUN"]
[SourceTitle "EXT 2021"]
[Source "ChessBase"]
[SourceDate "2020.10.23"]
[SourceVersion "1"]
[SourceVersionDate "2020.10.23"]
[SourceQuality "1"]
[WhiteTeam "Csuti Baki Agrocentrum"]
[BlackTeam "Sarvar"]
[WhiteTeamCountry "HUN"]
[BlackTeamCountry "HUN"]

1. e4 e5 2. Nc3 Nf6 3. f4 d5 4. fxe5 Nxe4 5. d3 Qh4+ 6. g3 Nxg3 7. Nf3 Qh5 8. Nxd5 Nxh1 9. Nxc7+ Kd8 10. Nxa8 Be7 11. Be3 Bh4+ 12. Kd2 Bg4 13. Bg2 Nf2 14. Qe2 Nh3 15. Qf1 Be7 16. Nd4 Kd7 17. Bxb7 Qxe5 18. Qg2 f5 19. Nc6 Qe6 20. Nxe7 Qxe7 21. Qd5+ Ke8 22. Bc5 Qe2+ 23. Kc3 Nd7 24. Nc7+ Kd8 25. Ne6+ Ke8 26. Nxg7+ Kd8 27. Ne6+ Ke8 28. Bc6 1-0

[Event "HUN-chT2 Szechenyi 1718"]
[Site "Hungary"]
[Date "2017.11.26"]
[Round "2.3"]
[White "Gaal, Ede"]
[Black "Odor, Istvan"]
[Result "0-1"]
[WhiteElo "2138"]
[BlackElo "2132"]
[PlyCount "56"]
[EventDate "2017.10.29"]
[EventType "team-tourn"]
[EventRounds "9"]
[EventCountry "HUN"]
[SourceTitle "EXT 2021"]
[Source "ChessBase"]
[SourceDate "2020.10.23"]
[SourceVersion "1"]
[SourceVersionDate "2020.10.23"]
[SourceQuality "1"]
[WhiteTeam "Haladas Szombathely III"]
[BlackTeam "Sarvar"]
[WhiteTeamCountry "HUN"]
[BlackTeamCountry "HUN"]

1. e4 e5 2. Nf3 Nc6 3. Bb5 a6 4. Bxc6 dxc6 5. 0-0 Qd6 6. Na3 f6 7. d4 exd4 8. Nc4 Qc5 9. Qxd4 Qxd4 10. Nxd4 Bd7 11. Bf4 0-0-0 12. Rad1 h5 13. h3 g5 14. Bg3 c5 15. Nb3 Re8 16. f3 g4 17. h4 gxf3 18. gxf3 Bb5 19. Nbd2 Bh6 20. Rfe1 Rh7 21. Bf2 Rg7+ 22. Kh1 Rd8 23. a4 Bxa4 24. Nf1 Rxd1 25. Rxd1 Bxc2 26. Rd5 b6 27. Nce3 Bb3 28. Rxh5 Bf7 0-1

[Event "HUN-chT2 Szechenyi 1617"]
[Site "Hungary"]
[Date "2017.02.26"]
[Round "9.3"]
[White "Odor, Istvan"]
[Black "Csuta, Akos Koppany"]
[Result "0-1"]
[WhiteElo "2130"]
[BlackElo "2150"]
[PlyCount "146"]
[EventDate "2016.09.25"]
[EventType "team-tourn"]
[EventRounds "11"]
[EventCountry "HUN"]
[SourceTitle "EXT 2021"]
[Source "ChessBase"]
[SourceDate "2020.10.23"]
[SourceVersion "1"]
[SourceVersionDate "2020.10.23"]
[SourceQuality "1"]
[WhiteTeam "Sarvar"]
[BlackTeam "Gyor Szechenyi"]
[WhiteTeamCountry "HUN"]
[BlackTeamCountry "HUN"]

1. e4 c5 2. Nf3 e6 3. d4 cxd4 4. Nxd4 Nc6 5. Nc3 Qc7 6. Be3 a6 7. Qd2 Nf6 8. Be2 Bb4 9. f3 d5 10. Nxc6 bxc6 11. a3 Bd6 12. f4 dxe4 13. Rd1 Nd5 14. Nxe4 Bxf4 15. Bxf4 Qxf4 16. Qxf4 Nxf4 17. Bf3 Rb8 18. Nd6+ Ke7 19. Bxc6 Rxb2 20. Rf1 e5 21. g3 Rxc2 22. gxf4 Rxc6 23. fxe5 Be6 24. Rb1 Rc7 25. Rb6 Ra8 26. Kd2 f6 27. Rg1 g6 28. exf6+ Kxf6 29. Ne4+ Ke5 30. Nf2 Bf5 31. Re1+ Kd5 32. Nd3 Bxd3 33. Kxd3 Rf7 34. Re3 Rf2 35. Rh3 Ra7 36. Ke3 Rf5 37. Kd3 Rf1 38. Rg3 Kc5 39. Re6 Rd1+ 40. Kc2 Rd4 41. Rg5+ Rd5 42. Rg3 Kb5 43. Rb3+ Ka5 44. h3 Rc7+ 45. Rc3 Rxc3+ 46. Kxc3 Rf5 47. Re3 Rf4 48. Kb3 Rf5 49. h4 Kb5 50. Re7 h5 51. Re3 g5 52. hxg5 Rxg5 53. Rh3 Rf5 54. Rh4 a5 55. a4+ Kc5 56. Kc3 Kd5 57. Kd3 Re5 58. Rh1 Ke6 59. Kd4 Rg5 60. Ke3 Rf5 61. Ke4 Kf6 62. Rh2 Kg6 63. Rb2 h4 64. Rb5 Rg5 65. Kf3 Kf6 66. Rb6+ Ke7 67. Kf4 Rc5 68. Kg4 Rc4+ 69. Kh3 Rxa4 70. Ra6 Kd7 71. Rh6 Rc4 72. Rf6 a4 73. Ra6 Kc7 0-1

[Event "HUN-chT2 Szechenyi 1617"]
[Site "Hungary"]
[Date "2016.12.11"]
[Round "6.2"]
[White "Odor, Istvan"]
[Black "Egresi, Mate"]
[Result "0-1"]
[WhiteElo "2130"]
[BlackElo "2253"]
[PlyCount "76"]
[EventDate "2016.09.25"]
[EventType "team-tourn"]
[EventRounds "11"]
[EventCountry "HUN"]
[SourceTitle "EXT 2021"]
[Source "ChessBase"]
[SourceDate "2020.10.23"]
[SourceVersion "1"]
[SourceVersionDate "2020.10.23"]
[SourceQuality "1"]
[WhiteTeam "Sarvar"]
[BlackTeam "Ajka Banyasz"]
[WhiteTeamCountry "HUN"]
[BlackTeamCountry "HUN"]

1. e4 c5 2. Nf3 d6 3. d4 cxd4 4. Nxd4 Nf6 5. Nc3 a6 6. Bc4 e6 7. Bb3 Nbd7 8. Be3 Nc5 9. f3 b5 10. 0-0 Bd7 11. Qd2 Be7 12. a3 0-0 13. Ba2 Qc7 14. Rad1 Rab8 15. b4 Nb7 16. Rc1 Rbc8 17. Nde2 Rfd8 18. Nd1 d5 19. exd5 Nxd5 20. Bf2 Nb6 21. Qe3 Nc4 22. Bxc4 Qxc4 23. Ndc3 a5 24. Qa7 axb4 25. axb4 Bc6 26. Rcd1 Bxb4 27. Qe3 Bxc3 28. Nxc3 b4 29. Ne2 Rxd1 30. Rxd1 Qxc2 31. Rc1 Qa2 32. Qe4 h6 33. Qd3 Rd8 34. Qe3 Bd5 35. Nd4 b3 36. Qe1 b2 37. Rb1 Rc8 38. Qd1 Qxb1 0-1

[Event "HUN-chT2 Szechenyi 1415"]
[Site "Hungary"]
[Date "2014.11.30"]
[Round "5.5"]
[White "Odor, Istvan"]
[Black "Gaal, Ede"]
[Result "0-1"]
[WhiteElo "2123"]
[BlackElo "1996"]
[PlyCount "70"]
[EventDate "2014.09.07"]
[EventType "team-tourn"]
[EventRounds "11"]
[EventCountry "HUN"]
[SourceTitle "EXT 2016"]
[Source "ChessBase"]
[SourceDate "2015.10.08"]
[SourceVersion "1"]
[SourceVersionDate "2015.10.08"]
[SourceQuality "1"]
[WhiteTeam "Sarvar"]
[BlackTeam "Lovo"]
[WhiteTeamCountry "HUN"]
[BlackTeamCountry "HUN"]

1. e4 d5 2. exd5 Nf6 3. Bb5+ c6 4. dxc6 bxc6 5. Be2 e5 6. d3 Bc5 7. Nf3 0-0 8. 0-0 Re8 9. Nc3 Bf5 10. Nd2 Nbd7 11. Bf3 Qc7 12. a4 Rad8 13. Qe2 Nf8 14. Nce4 Be7 15. Nxf6+ gxf6 16. Be4 Bg6 17. Qf3 Ne6 18. Qg3 Nd4 19. Kh1 Nxc2 20. Ra2 Nd4 21. Bxg6 hxg6 22. Nc4 Ne2 23. Qf3 Nxc1 24. Rxc1 Rd4 25. b3 Kg7 26. Re2 Qd7 27. Nb2 Ba3 28. Rxc6 Bxb2 29. Qxf6+ Kg8 30. Rxb2 Rxd3 31. h3 Rxb3 32. Rxb3 Qd1+ 33. Kh2 Qxb3 34. Rc7 e4 35. Rxa7 Qb8+ 0-1

[Event "HUN-chT2 Szechenyi 1314"]
[Site "Hungary"]
[Date "2014.03.23"]
[Round "9.3"]
[White "Finy, Mark"]
[Black "Odor, Istvan"]
[Result "0-1"]
[WhiteElo "1891"]
[BlackElo "2153"]
[PlyCount "88"]
[EventDate "2013.09.08"]
[EventType "team-tourn"]
[EventRounds "11"]
[EventCountry "HUN"]
[SourceTitle "EXT 2016"]
[Source "ChessBase"]
[SourceDate "2015.10.08"]
[SourceVersion "1"]
[SourceVersionDate "2015.10.08"]
[SourceQuality "1"]
[WhiteTeam "Arboretum"]
[BlackTeam "Sarvar"]
[WhiteTeamCountry "HUN"]
[BlackTeamCountry "HUN"]

1. d4 d5 2. c4 e6 3. Nf3 Nf6 4. Nc3 Be7 5. Bf4 0-0 6. e3 a6 7. Bd3 dxc4 8. Bxc4 b5 9. Bd3 Bb7 10. 0-0 Nbd7 11. Rc1 c5 12. Be2 Qb6 13. dxc5 Nxc5 14. b4 Ncd7 15. a3 Rac8 16. h3 Rfd8 17. Qb3 Nd5 18. Nxd5 Bxd5 19. Qb1 Qb7 20. Rxc8 Rxc8 21. Rc1 Nb6 22. Ne1 Nc4 23. Bxc4 bxc4 24. Be5 f6 25. Bd4 Rb8 26. f3 e5 27. Bc3 a5 28. Nc2 Bf7 29. Rd1 axb4 30. axb4 Bc5 31. Kf1 Bg6 32. e4 Qb6 33. Qa2 Bg1 34. Qxc4+ Bf7 35. Qe2 Rc8 36. Qd2 Bc4+ 37. Ke1 Bd3 38. Bd4 exd4 39. Qxd3 Rc3 40. Qe2 Qc7 41. Qf1 Rxc2 42. Qxg1 Qc3+ 43. Kf1 Qc4+ 44. Ke1 Qe2# 0-1

[Event "Balatonalmadi Pannonia Cup 18th"]
[Site "Balatonalmadi"]
[Date "2013.07.28"]
[Round "7"]
[White "Odor, Istvan"]
[Black "Koczo, Kristof"]
[Result "0-1"]
[WhiteElo "2152"]
[BlackElo "2269"]
[PlyCount "52"]
[EventDate "2013.07.24"]
[EventType "swiss"]
[EventRounds "7"]
[EventCountry "HUN"]
[SourceTitle "EXT 2016"]
[Source "ChessBase"]
[SourceDate "2015.10.08"]
[SourceVersion "1"]
[SourceVersionDate "2015.10.08"]
[SourceQuality "1"]

1. e4 c6 2. d4 d5 3. Nc3 dxe4 4. Nxe4 Nd7 5. Ng5 Ngf6 6. Bd3 e5 7. Bc4 Nd5 8. N1f3 h6 9. Ne4 f5 10. Ng3 e4 11. Ng1 N7f6 12. N1e2 Bd6 13. Bxd5 cxd5 14. Bf4 g5 15. Be5 f4 16. Nf1 Qe7 17. Bxd6 Qxd6 18. Qd2 Bg4 19. h3 Bh5 20. Nh2 Qa6 21. g4 Bg6 22. c3 0-0-0 23. Nf1 h5 24. gxh5 Bxh5 25. Rg1 e3 26. fxe3 Ne4 0-1

[Event "Balatonalmadi Pannonia Cup 18th"]
[Site "Balatonalmadi"]
[Date "2013.07.25"]
[Round "2"]
[White "Budai, David"]
[Black "Odor, Istvan"]
[Result "1/2-1/2"]
[WhiteElo "2304"]
[BlackElo "2152"]
[PlyCount "88"]
[EventDate "2013.07.24"]
[EventType "swiss"]
[EventRounds "7"]
[EventCountry "HUN"]
[SourceTitle "EXT 2016"]
[Source "ChessBase"]
[SourceDate "2015.10.08"]
[SourceVersion "1"]
[SourceVersionDate "2015.10.08"]
[SourceQuality "1"]

1. c4 e5 2. Nc3 Nc6 3. g3 Nf6 4. Bg2 d6 5. d3 Be7 6. Nf3 h6 7. 0-0 0-0 8. Rb1 a6 9. Ne1 Rb8 10. Nc2 Re8 11. b4 Bf8 12. a4 Ne7 13. b5 axb5 14. axb5 d5 15. Nb4 Be6 16. cxd5 Nexd5 17. Nbxd5 Nxd5 18. Bd2 Nxc3 19. Bxc3 Bd5 20. Bxd5 Qxd5 21. Qb3 Qxb3 22. Rxb3 Ra8 23. Rc1 Ra4 24. Bd2 Bd6 25. Be3 Rea8 26. Kg2 b6 27. Rc6 Rd8 28. f4 f6 29. Kf3 Kf7 30. fxe5 fxe5 31. Rb2 Ke7 32. Rc4 Rxc4 33. dxc4 Ra8 34. Ke4 Ke6 35. Rc2 Ra4 36. g4 Be7 37. Bc1 Bc5 38. h4 Ra1 39. h5 Be7 40. Be3 Ra4 41. Kd3 Ra3+ 42. Ke4 Ra4 43. Kd3 Ra3+ 44. Ke4 Ra4 1/2-1/2

[Event "HUN-chT2 Szechenyi 1213"]
[Site "Hungary"]
[Date "2012.12.02"]
[Round "5.2"]
[White "Odor, Istvan"]
[Black "Kokai, Miklos"]
[Result "1-0"]
[WhiteElo "2101"]
[BlackElo "1898"]
[PlyCount "61"]
[EventDate "2012.09.16"]
[EventType "team-tourn"]
[EventRounds "11"]
[EventCountry "HUN"]
[SourceTitle "EXT 2014"]
[Source "ChessBase"]
[SourceDate "2013.11.20"]
[SourceVersion "1"]
[SourceVersionDate "2013.11.20"]
[SourceQuality "1"]
[WhiteTeam "Sarvar"]
[BlackTeam "Zalaegerszeg Bagi"]
[WhiteTeamCountry "HUN"]
[BlackTeamCountry "HUN"]

1. e4 d5 2. exd5 Nf6 3. Nf3 Nxd5 4. d4 Bf5 5. a3 e6 6. c4 Nb6 7. Be3 c5 8. Nc3 N8d7 9. Be2 Be7 10. h3 0-0 11. 0-0 Rc8 12. b3 Bg6 13. Re1 Qc7 14. Nb5 Qb8 15. Qd2 a6 16. Bf4 Qa8 17. a4 Rcd8 18. Nc7 Qc8 19. d5 e5 20. Nxe5 Nxe5 21. Bxe5 Bd6 22. a5 Bxe5 23. axb6 Rd6 24. Bg4 f5 25. Rxe5 fxg4 26. Re6 Rxb6 27. Rxb6 Qxc7 28. Re6 gxh3 29. gxh3 Rf3 30. d6 Qc6 31. d7 1-0

[Event "Balatonalmadi Pannonia Cup 17th"]
[Site "Balatonalmadi"]
[Date "2012.07.26"]
[Round "2"]
[White "Odor, Istvan"]
[Black "Szelenyi, Norbert"]
[Result "0-1"]
[WhiteElo "2103"]
[BlackElo "2339"]
[PlyCount "62"]
[EventDate "2012.07.25"]
[EventType "swiss"]
[EventRounds "7"]
[EventCountry "HUN"]
[SourceTitle "EXT 2016"]
[Source "ChessBase"]
[SourceDate "2015.10.08"]
[SourceVersion "1"]
[SourceVersionDate "2015.10.08"]
[SourceQuality "1"]

1. e4 c5 2. Nf3 a6 3. c4 d6 4. d4 cxd4 5. Nxd4 Nf6 6. Nc3 e6 7. Be3 Be7 8. Be2 Qc7 9. f3 b6 10. Rc1 Bb7 11. 0-0 0-0 12. Qe1 Nbd7 13. Qf2 Rac8 14. b4 Qb8 15. a3 Rfe8 16. Na4 d5 17. cxd5 Rxc1 18. Rxc1 exd5 19. Nf5 b5 20. Nc5 dxe4 21. Nxb7 Qxb7 22. Qg3 g6 23. Rc7 Qd5 24. fxe4 Qxe4 25. Nh6+ Kg7 26. Rc3 Bd8 27. Bf3 Qb1+ 28. Rc1 Qd3 29. Re1 Rxe3 30. Nf5+ Qxf5 31. Rxe3 Bb6 0-1

[Event "Oberwart op-A 34th"]
[Site "Oberwart"]
[Date "2012.07.09"]
[Round "3"]
[White "Odor, Istvan"]
[Black "Schwarhofer, Christopher"]
[Result "1-0"]
[WhiteElo "2103"]
[BlackElo "2290"]
[PlyCount "95"]
[EventDate "2012.07.07"]
[EventType "swiss"]
[EventRounds "9"]
[EventCountry "AUT"]
[SourceTitle "CBM 149 Extra"]
[Source "ChessBase"]
[SourceDate "2012.08.24"]
[SourceVersion "1"]
[SourceVersionDate "2012.08.24"]
[SourceQuality "1"]

1. e4 c5 2. Nf3 d6 3. d4 cxd4 4. Nxd4 Nf6 5. Nc3 g6 6. Be3 Bg7 7. f3 a6 8. Qd2 Nbd7 9. g4 b5 10. Nc6 Qc7 11. Nxe7 Bb7 12. Ned5 Nxd5 13. exd5 0-0 14. 0-0-0 b4 15. Na4 Rfc8 16. Qf2 Qa5 17. b3 Nc5 18. Bxc5 Rxc5 19. c4 bxc3 20. Nxc5 dxc5 21. Qc2 Qa3+ 22. Kb1 a5 23. Bc4 a4 24. Rhe1 Ba6 25. Bxa6 axb3 26. Qxb3 Qxa6 27. Re4 Qd6 28. Rde1 Kf8 29. Kc2 Rb8 30. Qb5 Be5 31. Qc6 Rb2+ 32. Kd3 c4+ 33. Ke3 Bf4+ 34. Rxf4 Qe7+ 35. Re4 Qa7+ 36. Kf4 g5+ 37. Kf5 Rb6 38. Qe8+ Kg7 39. d6 Rb8 40. Qe5+ Kg8 41. Kf6 h6 42. Qf5 Rf8 43. Re8 Qd4+ 44. Qe5 Rxe8 45. Qxd4 Rxe1 46. Qd5 Re6+ 47. Qxe6 fxe6 48. d7 1-0

[Event "HUN-ch U18"]
[Site "Balatonlelle"]
[Date "2012.06.27"]
[Round "6"]
[White "Odor, Istvan"]
[Black "Grimm, Daniel"]
[Result "0-1"]
[WhiteElo "2075"]
[BlackElo "2099"]
[PlyCount "70"]
[EventDate "2012.06.22"]
[EventType "tourn"]
[EventRounds "9"]
[EventCountry "HUN"]
[SourceTitle "EXT 2014"]
[Source "ChessBase"]
[SourceDate "2013.11.20"]
[SourceVersion "1"]
[SourceVersionDate "2013.11.20"]
[SourceQuality "1"]

1. e4 Nf6 2. e5 Nd5 3. d4 d6 4. c4 Nb6 5. exd6 cxd6 6. Nf3 g6 7. Nc3 Bg7 8. h3 0-0 9. Be3 Bf5 10. Rc1 Nc6 11. a3 d5 12. c5 Nc4 13. Bxc4 dxc4 14. d5 Na5 15. Nd4 Bd3 16. Rc2 e5 17. Nde2 Nb3 18. Nc1 Nxc1 19. Rxc1 e4 20. d6 b6 21. Nd5 Bxb2 22. h4 bxc5 23. Ne7+ Kh8 24. Bxc5 Qa5+ 25. Bb4 Qe5 26. Qd2 a5 27. h5 g5 28. Nc6 e3 29. fxe3 Qg3+ 30. Kd1 axb4 31. Qxb2+ c3 32. Rxc3 bxc3 33. Qxc3+ f6 34. Nd4 Be4 35. Rg1 Qxd6 0-1